Von der Liberalisierungs-zur Wettbewerbspolitik Internationale Wirtschaftspolitik zwischen Industrieländern nach dem Zweiten Weltkr
Salvato in:
| Autore principale: | |
|---|---|
| Natura: | Libro |
| Lingua: | tedesco |
| Pubblicazione: |
Berlin
Gruyter
1980
|
| Tags: |
Nessun Tag, puoi essere il primo ad aggiungerne!!
|
MARC
| LEADER | 00000nam a2200000 4500 | ||
|---|---|---|---|
| 001 | c115404 | ||
| 005 | 20041019155201.2 | ||
| 041 | 0 | |a ger | |
| 044 | |a DE | ||
| 245 | 1 | 0 | |a Von der Liberalisierungs-zur Wettbewerbspolitik |b Internationale Wirtschaftspolitik zwischen Industrieländern nach dem Zweiten Weltkr |c Bekard P.W. Minx |
| 264 | 1 | |a Berlin |b Gruyter |c 1980 | |
| 300 | |a 347 s. | ||
| 100 | 1 | |a Minx, Bekard P.W. | |